[Event "Xtracon Invite Chess 2020"]
[Site "Vaerloese"]
[Date "2020.01.13"]
[Round "1.1"]
[White "Sveshnikov, Evgeny"]
[Black "Berkes, Ferenc"]
[Result "0-1"]
[WhiteElo "2481"]
[BlackElo "2649"]
[Annotator "TA"]
[PlyCount "82"]
[EventDate "2020.01.13"]
[EventType "tourn"]
[EventCountry "DEN"]
[SourceTitle "playchess.com"]
[Source "ChessBase"]
[SourceQuality "1"]

{[%evp 9,82,5,11,0,2,0,0,0,0,0,0,0,6,0,0,0,0,8,8,0,0,-8,13,23,41,26,29,35,45,37,41,-56,-49,-52,-44,-52,-44,-50,-24,-57,-58,-47,-41,-45,-47,-101,-104,-102,-99,-124,-118,-139,-141,-142,-119,-143,-130,-162,-157,-157,-168,-164,-155,-165,-156,-154,-131,-179,-191,-206,-200,-209,-206,-371,-376]} 1. e4 c6 2. d4 d5 3. exd5 cxd5 4. Nf3 Nc6 5. Bf4 Bf5 6. c3 {B13: Caro-Kann: Exchange Variation and Panov-Botvinnik Attack} e6 7. Bd3 Bxd3 8. Qxd3 {The position is equal.} Nge7 9. Nbd2 Ng6 10. Bg3 h5 $146 ({Predecessor:} 10... Bd6 11. Bxd6 Qxd6 12. O-O O-O 13. Rfe1 {½-½ (55) Horvath,P (2418)-Prohaszka,P (2598) Ajka 2019}) 11. h4 Be7 12. O-O-O Bf6 13. Kb1 Rc8 14. Rde1 Nce7 15. Be5 Rc6 16. Nb3 Kf8 17. g3 Nf5 18. Bxf6 gxf6 19. Nfd2 b6 20. c4 (20. Nc1 $14) 20... dxc4 $15 21. Nxc4 Qd5 22. Ne3 Nxe3 23. fxe3 f5 24. e4 fxe4 25. Qxe4 Ne7 26. Qxd5 Nxd5 27. Rc1 (27. Nd2 $15) 27... Rxc1+ $17 28. Nxc1 {[%mdl 4096] Endgame KRN-KRN} Rh6 29. Rf1 Ke7 30. Nd3 Rf6 31. Rg1 a6 32. Kc1 Rg6 33. Ne5 Rg8 34. Kd2 f6 35. Nf3 Kd6 36. Ke2 Ne7 37. Kf2 Nf5 38. Ne1 Nxd4 39. Ng2 e5 40. Ne3 Ke6 41. Rc1 $2 {[#]} (41. Rb1) 41... Rxg3 $1 {[%mdl 512] Accuracy: White = 38%, Black = 90%.} 0-1

[Event "Xtracon Invite Chess 2020"]
[Site "Vaerloese"]
[Date "2020.01.13"]
[Round "1.2"]
[White "Thybo, Jesper Sondergaard"]
[Black "Kristensen, Kaare Hove"]
[Result "1-0"]
[WhiteElo "2579"]
[BlackElo "2350"]
[Annotator "TA"]
[PlyCount "129"]
[EventDate "2020.01.13"]
[EventType "tourn"]
[EventCountry "DEN"]
[SourceTitle "playchess.com"]
[Source "ChessBase"]
[SourceQuality "1"]

{[%evp 21,129,62,66,60,63,30,104,99,123,125,121,128,120,122,127,129,159,156,172,166,179,176,176,149,160,133,140,140,154,155,174,174,199,209,268,270,260,217,245,250,358,358,347,348,352,343,341,333,369,376,414,410,408,410,404,397,469,473,622,622,604,604,574,567,500,441,924,930,950,874,817,781,726,649,759,744,911,699,695,695,634,521,1002,1002,1995,1858,5197,1584,6621,5942,29964,29966,29958,6195,2499,0,29972,29973,29973,29972,29967,29967,29985,29986,29986,29987,29987,29988,29988,29989]} 1. Nf3 Nf6 2. c4 e6 3. g3 d5 4. Bg2 c5 5. O-O Nc6 6. d4 Be7 7. cxd5 exd5 8. dxc5 Bxc5 9. a3 O-O 10. b4 Be7 11. Nc3 Be6 12. Bb2 {D34: Tarrasch Defence: 6 g3 Nf6 7 Bg2 Be7} Qd7 13. Qa4 (13. Rc1 Rfd8 14. Nb5 a5 15. bxa5 Rxa5 16. a4 Bh3 17. Ne5 Nxe5 18. Bxe5 Bxg2 19. Kxg2 Rda8 {1-0 (46) Wagner,D (2575)-Zvjaginsev,V (2660) Berlin 2015}) 13... d4 $146 (13... a6 $11) ({Predecessor:} 13... a6 14. Rfd1 Rfd8 15. Rd2 d4 16. Rad1 b5 17. Qc2 Bf5 18. Qc1 Rac8 19. Qa1 Qa7 {0-1 (59) Drenchev,P (2523)-Pop,A (2116) Arad 2011}) 14. Rad1 $1 $16 {White is better.} a6 {[#]} 15. Nxd4 $1 {[%mdl 512]} Nxd4 16. Qxd7 Nxd7 17. Rxd4 Bf6 18. Rd6 Ne5 {With the idea ...Nc4.} 19. Na4 Nc4 {[#]} 20. Bxf6 $1 {[%mdl 512] aiming for Rxe6.} gxf6 21. Rd3 Ra7 22. Nc5 b6 23. Ne4 Kg7 24. Rc1 b5 25. Nc5 Rb8 26. f4 a5 27. g4 Nb2 28. Nxe6+ fxe6 29. Rd6 Kf7 30. Rcc6 Re8 (30... axb4 {was called for.} 31. axb4 Re8) 31. Rxe6 $18 {[%mdl 64] Remove Defender} Rxe6 32. Bd5 {[%mdl 64] Pin} axb4 33. Bxe6+ {[%mdl 4096] Endgame KRB-KRN} Ke7 34. axb4 Ra4 35. Bd5 Rxb4 36. Re6+ Kd7 37. Rxf6 Rd4 38. Bg8 Nc4 39. Bxh7 Ne3 {Hoping for ...Rd1+.} 40. Bf5+ Nxf5 41. Rxf5 {KR-KR} ({Less strong is} 41. gxf5 b4 $16) 41... Kc6 42. Rf8 b4 43. e3 Rd7 (43... Rd1+ $142 44. Kf2 Rd2+ 45. Ke1 Rg2) 44. Rc8+ Rc7 45. Ra8 b3 {[#]} 46. Ra1 $1 {[%cal Ra1b1]} Kd5 47. Kf2 Rc2+ 48. Kf3 b2 49. Rd1+ Ke6 {...Rc1 is the strong threat.} 50. Rb1 Rxh2 51. Ke4 Rd2 52. g5 Kf7 53. f5 Ke7 54. Ke5 Rg2 55. e4 Kf7 56. g6+ Kg7 57. Ke6 Rc2 58. Ke5 $2 ({Only move:} 58. e5 $18 {Black must now prevent f6+.} Rc6+ {[#]} 59. Kd7 $1 {[%mdl 512]}) 58... Rd2 $2 {[%mdl 8192]} (58... Rg2 $11 59. Ke6 Rc2 60. f6+ Kxg6 61. Rg1+ Kh7) 59. Rg1 {White mates.} Rg2 60. f6+ Kh6 61. f7 Rxg1 62. f8=Q+ Kh5 63. Qh8+ Kg4 64. g7 Kf3 65. Qh3+ {Accuracy: White = 88%, Black = 26%.} 1-0

[Event "Xtracon Invite Chess 2020"]
[Site "Vaerloese"]
[Date "2020.01.13"]
[Round "1.3"]
[White "Brunello, Sabino"]
[Black "Sylvan, Jacob"]
[Result "1-0"]
[WhiteElo "2536"]
[BlackElo "2325"]
[Annotator "TA"]
[PlyCount "69"]
[EventDate "2020.01.13"]
[EventType "tourn"]
[EventCountry "DEN"]
[SourceTitle "playchess.com"]
[Source "ChessBase"]
[SourceQuality "1"]

{[%evp 18,69,-2,-1,10,0,0,0,0,-52,-42,-41,-49,-70,-52,-61,-35,-77,-70,-81,-33,-17,-38,-87,-88,-149,99,122,988,987,975,965,996,865,856,870,829,848,824,797,931,915,933,929,1022,956,1115,1088,1490,1446,1484,1453,1319,1230]} 1. e4 c5 2. Nc3 Nc6 3. f4 g6 4. Nf3 Bg7 5. g3 d6 6. Bg2 e5 7. d3 Nge7 8. O-O O-O 9. Be3 Nd4 10. Qd2 f6 {B25: Closed Sicilian: 3 g3, lines without early Be3} (10... Bg4 11. Nh4 Be6 12. Rf2 exf4 13. Bxf4 Ndc6 14. Nf3 Ne5 15. h3 Qd7 16. Kh2 Nxf3+ 17. Rxf3 d5 18. Bh6 d4 19. Ne2 {½-½ (51) Gazik,V (2486)-Abdusattorov,N (2558) Porto Carras 2018}) 11. Rf2 Be6 12. Raf1 Qd7 {The position is equal.} 13. Nh4 (13. f5 $11 gxf5 14. Nh4) 13... exf4 $146 ({Predecessor:} 13... Rad8 14. Nd1 exf4 15. gxf4 f5 16. Nf3 Nxf3+ 17. Bxf3 {½-½ (31) Lazic,M (2455)-Vasovski,N (2320) Skopje 1998}) 14. gxf4 f5 15. Nf3 Nxf3+ $1 16. Rxf3 Nc6 17. h4 Nd4 18. Rg3 Qe7 {aiming for ...fxe4.} 19. h5 fxe4 20. dxe4 Qh4 {[%mdl 64] Double Attack} 21. Rg5 (21. Kf2 $142 Be5 22. Rh1 Rxf4+ 23. Bxf4) 21... Bh3 $2 {[#]} (21... Bh6 $17 {and life is bright.} 22. f5 Bxg5 23. Bxg5 Qxh5) 22. Nd5 $1 $16 ({Of course not} 22. hxg6 $6 h6 $11) 22... h6 $2 {[%mdl 8192]} (22... Ne6 $16 23. Bf2 Bd4 24. Qxd4 Qxg5 25. fxg5 Nxd4) 23. Ne7+ $18 {[%mdl 64] Double Attack. White is clearly winning.} Kh7 24. Nxg6 {[%mdl 64] Double Attack} Bxg2 25. Kxg2 hxg5 26. Nxh4 gxh4 27. c3 Nc6 28. Qxd6 Rf6 29. Qxc5 Rg8 30. Kh2 Bf8 31. Qb5 Rg3 32. Qxb7+ Rg7 33. Qb5 a6 34. Qd3 Rd6 35. Qc2 {Accuracy: White = 61%, Black = 39%.} 1-0

[Event "Xtracon Invite Chess 2020"]
[Site "Vaerloese"]
[Date "2020.01.13"]
[Round "1.4"]
[White "Yankelevich, Lev"]
[Black "Hector, Jonny"]
[Result "0-1"]
[WhiteElo "2483"]
[BlackElo "2481"]
[Annotator "TA"]
[PlyCount "80"]
[EventDate "2020.01.13"]
[EventType "tourn"]
[EventCountry "DEN"]
[SourceTitle "playchess.com"]
[Source "ChessBase"]
[SourceQuality "1"]

{[%evp 9,80,-12,-7,-27,-20,-28,-4,-10,-14,-9,-14,-45,0,0,0,-12,108,97,194,208,183,30,30,25,29,31,42,22,21,16,15,15,16,0,0,0,0,0,0,-14,-18,-18,-14,-31,-31,-18,-28,-91,-3,-8,-6,-9,0,-20,0,-34,0,0,0,-7,-8,-763,-756,-756,-756,-749,-730,-741,-734,-711,-705,-679,-671]} 1. d4 d5 2. c4 c6 3. Nf3 Nf6 4. Nc3 dxc4 5. e4 b5 $1 6. Be2 {D15: Slav Defence: 4 Nc3 a6 and gambit lines after 4 Nc3 dxc4} e6 7. O-O Bb7 $146 (7... Be7 8. a4 b4 9. e5 Nd5 10. Ne4 Ba6 11. Bd2 Qa5 12. Rc1 Nd7 13. Bxc4 Bxc4 14. Rxc4 {½-½ (39) Salem,A (2672)-Shankland,S (2725) chess.com INT 2019}) 8. b3 {The position is equal.} Bb4 9. e5 Bxc3 10. exf6 gxf6 (10... Qxf6 {with more complications.} 11. Bg5 Qg6 12. Rb1 b4 13. bxc4 c5) 11. Rb1 {[#]} c5 $1 12. bxc4 (12. dxc5 Qxd1) 12... Bxd4 (12... b4 $11) 13. Rxb5 $16 Bxf3 (13... Bc6 $16) 14. Bxf3 $18 Nd7 {[%cal Bb8d7,Bd7e5,Be5c6][%mdl 32]} 15. Be3 $2 (15. Bxa8 $18 Qxa8 16. Qb3) 15... Rc8 $11 16. Bxd4 cxd4 17. Qxd4 {And now Rd1 would win.} Ne5 18. Qxd8+ Rxd8 19. Be2 O-O 20. f4 Nc6 21. Bf3 Nd4 22. Rb7 Rc8 23. Rxa7 Rxc4 24. a4 (24. Bd1 {is more complex.} Rb8 25. Bh5 Rb2 26. Kh1 Rc5 27. Bxf7+ Kf8 28. h4) 24... Nxf3+ 25. Rxf3 {[%mdl 4096] Endgame KRR-KRR} Rb8 26. h3 h5 27. Rg3+ Kf8 28. Rd3 (28. Kh2 $11 {keeps the balance.}) 28... Rxf4 ({Black should try} 28... Rb1+ $1 $17 29. Kh2 h4) 29. Rdd7 Kg7 30. Rxf7+ Kg6 31. Rh7 f5 32. a5 h4 33. Rag7+ Kf6 {...Rb1+ is the strong threat.} 34. Rf7+ Ke5 {aiming for ...Rb1+.} 35. a6 $2 {[%mdl 8192] [#]} (35. Rb7 $11 Rxb7 36. Rxb7) 35... Rb1+ $1 $19 {Black is clearly winning.} 36. Kh2 Rff1 {[%csl Gb1][%cal Rf1h1]} 37. Rxh4 {[#]} f4 $1 {[%csl Gb1][%cal Rf1h1]} 38. Rh5+ Ke4 {[%csl Gb1][%cal Rf1h1]} 39. Rxf4+ Kxf4 {[%csl Gb1][%cal Rf1h1]} 40. Rh4+ Ke5 {Accuracy: White = 53%, Black = 61%.} 0-1

[Event "Xtracon Invite Chess 2020"]
[Site "Vaerloese"]
[Date "2020.01.13"]
[Round "1.5"]
[White "Antonsen, Mikkel"]
[Black "Olsen, Filip Boe"]
[Result "1/2-1/2"]
[WhiteElo "2384"]
[BlackElo "2353"]
[Annotator "TA"]
[PlyCount "112"]
[EventDate "2020.01.13"]
[EventType "tourn"]
[EventCountry "DEN"]
[SourceTitle "playchess.com"]
[Source "ChessBase"]
[SourceQuality "1"]

{[%evp 19,112,19,20,0,16,18,16,1,20,23,23,24,63,65,68,70,57,21,17,20,28,22,27,25,17,27,17,13,15,11,10,10,14,13,12,10,11,10,23,2,0,-6,-3,-40,-36,-48,-54,-47,-58,-64,-52,-181,-179,-149,0,-5,0,0,0,-45,-45,-74,-84,-122,-23,-169,-164,-166,-161,-155,-120,-162,-162,-158,-162,-141,-137,-114,0,0,0,0,0,0,0,0,0,0,0,0,0,0,0,0,0]} 1. d4 Nf6 2. c4 e6 3. Nf3 b6 4. g3 Ba6 5. b3 Bb4+ 6. Bd2 Be7 7. Nc3 d5 8. cxd5 exd5 9. Bg2 O-O 10. O-O Re8 11. Rc1 {E15: Queen's Indian: 4 g3 sidelines, 4 g3 Ba6 and 4 g3 Bb7 early deviations} (11. Ne5 Bb7 12. Rc1 Nbd7 13. Rc2 Bf8 14. Bf4 c5 15. Nxd7 Qxd7 16. dxc5 bxc5 17. Bg5 d4 18. Bxb7 Qxb7 19. Bxf6 gxf6 {½-½ (46) Grischuk,A (2764)-Duda,J (2748) Hamburg 2019}) 11... Ba3 12. Rc2 Nbd7 13. Bf4 Nf8 $146 ({Predecessor:} 13... Bf8 14. Ne5 Nb8 15. Bg5 c6 16. Bxf6 gxf6 17. Nd3 Qd6 18. e4 dxe4 19. Nxe4 Qxd4 {1-0 (53) Naumkin,I (2394)-Konaplev,A (2276) Moscow 2018}) 14. Be5 Ng4 15. h3 Nxe5 16. Nxe5 Bb7 17. Nb5 Bd6 $1 18. Nd3 Ne6 19. Nxd6 Qxd6 20. e3 Ba6 21. Re1 c5 22. dxc5 bxc5 23. e4 dxe4 24. Nxc5 $1 ({But not} 24. Bxe4 $2 Rad8 $19) 24... Qxd1 25. Rxd1 Rac8 $1 26. b4 $1 Bd3 27. Rc3 Nxc5 28. bxc5 Rc7 29. Rdc1 g6 30. f4 f5 31. Kf2 Rb8 32. Ke3 Rb2 33. Bf1 Bxf1 34. Rxf1 $15 {[%mdl 4096] Endgame KRR-KRR} Kf7 35. Rd1 (35. a3 $15) 35... Rg2 $19 ({Don't do} 35... Rxa2 36. c6 $15) 36. Rd5 Rxa2 (36... Rxg3+ $17 37. Kd4 Rg2) 37. g4 $1 $11 Ke6 38. Re5+ Kf6 39. g5+ Kf7 40. Kd4 Rd2+ 41. Kc4 Rdd7 ({Black should play} 41... a6 $17 42. Rc1 a5) 42. Kb5 (42. h4 $11 {and White stays safe.}) 42... Re7 $1 $19 {[%cal Re7e5] aiming for ...Rxe5.} 43. Rxe7+ Rxe7 {KR-KR} 44. c6 {Hoping for c7.} e3 {Threatens to win with ...e2.} 45. c7 e2 46. Rc1 e1=Q $1 {[%cal Re1c1]} 47. Rxe1 Rxc7 48. h4 {[#]} h5 ({Better is} 48... a6+ $1 $17 {[%mdl 512]} 49. Kxa6 Rc4) 49. Ra1 $11 {The position is equal.} Re7 50. Kc5 Rc7+ 51. Kd5 Rb7 52. Ra6 Rd7+ 53. Kc5 Rc7+ 54. Kd5 Rd7+ 55. Kc5 Rc7+ 56. Kd5 Rd7+ {Accuracy: White = 41%, Black = 59%.} 1/2-1/2

[Event "Xtracon Invite Chess 2020"]
[Site "Vaerloese"]
[Date "2020.01.14"]
[Round "2.1"]
[White "Hector, Jonny"]
[Black "Berkes, Ferenc"]
[Result "1/2-1/2"]
[WhiteElo "2481"]
[BlackElo "2649"]
[Annotator "TA"]
[PlyCount "62"]
[EventDate "2020.01.13"]
[EventType "tourn"]
[EventCountry "DEN"]
[SourceTitle "playchess.com"]
[Source "ChessBase"]
[SourceQuality "1"]

{[%evp 9,62,-18,-25,-84,-81,-87,9,0,0,0,0,0,0,0,0,-37,38,25,64,53,68,68,91,80,95,75,133,26,43,27,21,-28,0,-3,-6,-18,28,19,28,30,67,0,13,7,0,0,0,0,0,0,0,0,0,0,0]} 1. e4 c6 2. d4 d5 3. e5 Bf5 4. h4 h5 5. Bg5 (5. c4 e6 6. Nc3 Be7 7. Bd3 Bxd3 8. Qxd3 Nh6 9. Bxh6 Rxh6 10. Nf3 dxc4 11. Qxc4 Nd7 12. a4 Nb6 13. Qb3 a5 14. Rd1 Rg6 {1-0 (23) Sutovsky,E (2643)-Galkin,A (2611) Moscow 2019}) 5... Qb6 6. Bd3 {B12: Caro-Kann: Advance Variation} (6. b3 $11 {remains equal.}) 6... Bxd3 $17 7. Qxd3 Qa6 (7... Qxb2 $17 8. Qc3 Qxc3+ 9. Nxc3 e6) 8. Qh3 {[%cal Rh3c8]} e6 $1 9. Nc3 Ne7 10. Nge2 Nd7 11. O-O $36 {[%mdl 2048] White has some pressure.} Nf5 12. a4 $146 ({Predecessor:} 12. Rad1 Be7 {1-0 (32) Mingarro Carceller,S (2158)-Montalban Galvez,A (2204) Mislata 2012}) 12... Qa5 ({Better is} 12... Bb4 $15) 13. Nd1 c5 14. c3 cxd4 15. cxd4 Qb4 {[#]} 16. Ndc3 $1 Qa5 ({Not} 16... Nxd4 $2 17. Nxd4 Qxd4 18. Nb5 $18) 17. Rfc1 a6 {[#]} ({Black should try} 17... Bb4) 18. Rc2 (18. Nf4 $1 $16 Nxd4 19. Rd1) 18... Rc8 $11 19. Rac1 Rc6 20. Kf1 g6 21. Qd3 {Hoping for Nxd5!} Be7 22. Bxe7 Nxe7 23. b4 Qxb4 24. Rb1 Qc4 25. Qd2 (25. Qd1 $1 $14) 25... b6 {The position is equal.} 26. Rcc1 O-O $1 27. Nd1 Qxa4 {Threatens to win with ...Rxc1.} 28. Ra1 Qb3 $1 {White must now prevent ...Rxc1.} 29. Rab1 $1 {[%cal Rb1b3]} Qa4 {Strongly threatening ...Rxc1.} 30. Ra1 Qb3 $1 {And now ...Rxc1 would win.} 31. Rab1 $1 {[%cal Rb1b3]} Qa4 {Accuracy: White = 51%, Black = 44%.} 1/2-1/2

[Event "Xtracon Invite Chess 2020"]
[Site "Vaerloese"]
[Date "2020.01.14"]
[Round "2.2"]
[White "Sylvan, Jacob"]
[Black "Thybo, Jesper Sondergaard"]
[Result "1/2-1/2"]
[WhiteElo "2325"]
[BlackElo "2579"]
[Annotator "TA"]
[PlyCount "87"]
[EventDate "2020.01.13"]
[EventType "tourn"]
[EventCountry "DEN"]
[SourceTitle "playchess.com"]
[Source "ChessBase"]
[SourceQuality "1"]

{[%evp 10,87,5,9,9,5,4,8,15,0,0,1,1,1,1,0,-2,-15,-22,-20,38,13,12,29,15,18,19,0,0,0,8,13,20,0,7,0,0,-21,0,0,0,0,0,0,5,0,0,0,61,62,62,6,8,8,4,0,0,0,203,147,191,193,241,237,226,177,183,187,189,146,175,89,89,93,95,84,81,81,87,95]} 1. c4 e6 2. g3 d5 3. Bg2 Nf6 4. Nf3 dxc4 5. Qa4+ c6 6. Qxc4 b5 {A13: English Opening: 1...e6} 7. Qb3 (7. Qc2 Bb7 8. O-O Nbd7 9. Nc3 Rc8 10. Rd1 a6 11. a4 Be7 12. d3 O-O 13. e4 a5 14. h3 b4 15. Nb1 c5 16. Nbd2 {1-0 (50) Aronian,L (2758)-Papaioannou,I (2645) Batumi 2019}) 7... Bb7 8. O-O a6 {The position is equal.} 9. d4 c5 10. dxc5 Nbd7 11. Rd1 Bxc5 12. Be3 {Black must now prevent Bxc5.} Qe7 $146 ({Predecessor:} 12... Qb6 13. Bxc5 Nxc5 14. Qe3 O-O 15. Nbd2 Nd5 16. Qd4 {0-1 (60) Ginting,N (2397)-Yu,Y (2574) Olongapo City 2010}) 13. Bxc5 Nxc5 14. Qa3 a5 (14... Na4 $11) 15. Rc1 b4 16. Qe3 Ncd7 17. Nbd2 O-O 18. Ne5 Bxg2 19. Kxg2 Nxe5 20. Qxe5 Qb7+ 21. Kg1 Rfd8 22. Nf3 Rd5 23. Qe3 Rad8 24. Rc4 h6 25. Rac1 Rd1+ 26. Kg2 Rxc1 27. Rxc1 Qd5 28. a3 b3 (28... bxa3 $11 29. bxa3 Qa2) 29. Rc5 $14 Qd1 $1 30. Rxa5 (30. Rc4 $14) 30... Qc2 $1 $11 31. Rb5 Ng4 $1 {[%cal Rg4e3]} 32. Qxb3 Qxe2 33. Rb8 $36 {[%mdl 2048] Black is under pressure.} Rxb8 $2 (33... Qxf2+ $11 {and Black stays safe.} 34. Kh3 Ne5 $1 {[%mdl 512]} 35. Rxd8+ Kh7 36. Rh8+ {[%mdl 64] Decoy} (36. Nxe5 {leads to mate.} Qf1+ 37. Kg4 Qf5+ {[%mdl 64] Double Attack} 38. Kh4 g5+ 39. Kh5 Qh3#) 36... Kxh8 37. Qb8+ (37. Nxe5 {is a self mate.} Qf1+ 38. Kg4 Qf5+ {[%mdl 64] Double Attack} 39. Kh4 g5+ 40. Kh5 Qh3#) 37... Kh7 38. Qxe5 (38. Nxe5 {gets mated.} Qf1+ 39. Kh4 g5+ 40. Kg4 f5+ 41. Kh5 Qh3#) 38... Qf1+ 39. Kg4 f5+ 40. Kf4 Qc1+ 41. Nd2 Qxd2+ 42. Kf3 g5) 34. Qxb8+ $18 Kh7 {( -> ...Ne3+)} 35. Qb6 e5 36. h3 Nf6 37. Qe3 Qxb2 38. Nxe5 Qa2 39. Qd3+ Kg8 40. Qc4 (40. Nf3 $18) 40... Qxa3 $16 {White is better.} 41. Qxf7+ Kh7 42. Ng6 Qa8+ {[#]} 43. Kh2 $1 Qf3 44. Nf8+ {Accuracy: White = 58%, Black = 66%.} 1/2-1/2

[Event "Xtracon Invite Chess 2020"]
[Site "Vaerloese"]
[Date "2020.01.14"]
[Round "2.3"]
[White "Yankelevich, Lev"]
[Black "Antonsen, Mikkel"]
[Result "1-0"]
[WhiteElo "2483"]
[BlackElo "2384"]
[Annotator "TA"]
[PlyCount "79"]
[EventDate "2020.01.13"]
[EventType "tourn"]
[EventCountry "DEN"]
[SourceTitle "playchess.com"]
[Source "ChessBase"]
[SourceQuality "1"]

{[%evp 9,79,1,43,44,33,16,19,18,16,14,24,31,27,30,28,20,27,12,57,52,31,21,32,30,22,27,20,31,39,0,0,0,0,0,23,0,0,-16,-18,-13,-19,-45,31,24,95,95,162,171,165,165,257,248,266,271,260,257,260,242,365,342,502,503,474,456,549,530,672,679,672,1197,885,869]} 1. d4 Nf6 2. c4 g6 3. Nc3 d5 4. Nf3 Bg7 5. h3 (5. Qb3 dxc4 6. Qxc4 O-O 7. e4 Nc6 8. Be3 Ng4 9. e5 Nxe3 10. fxe3 Bg4 11. h3 Bxf3 12. gxf3 e6 13. h4 Ne7 14. f4 b5 15. Qc5 Nf5 {1-0 (36) Nepomniachtchi,I (2767)-Vachier Lagrave,M (2780) Jerusalem 2019}) 5... e6 6. cxd5 {D90: Grünfeld: 4 Nf3 Bg7 sidelines} exd5 7. Bf4 O-O $146 ({Predecessor:} 7... Nc6 8. e3 Ne4 9. Nb5 Nd6 10. Nxd6+ cxd6 11. Be2 O-O 12. O-O Bf5 13. Bd3 {½-½ (71) Leal Valdes,F-Pernas Goy,L Arteixo 2007}) 8. e3 {The position is equal.} c6 9. Bd3 a5 10. O-O Nbd7 11. Rc1 Re8 12. Qb3 b5 13. Ne5 Qb6 14. Nxd7 Nxd7 15. Bxb5 cxb5 16. Nxd5 Qb7 $1 {...a4 is the strong threat.} 17. Nc7 $1 {[%cal Rc7e8]} Nf6 18. Nxe8 Nxe8 19. Rc5 b4 20. Rfc1 {Threatens to win with Rc7!} Be6 $1 {[%cal Re6b3]} 21. d5 a4 22. Qd3 Bd7 23. b3 axb3 24. axb3 Bb2 25. Rd1 Bc3 ({Black should try} 25... Qb6 $15 26. Rc4 Bc3) 26. e4 $14 Qb6 (26... Ra6 $11 {remains equal.}) 27. Be3 $1 $16 Qa6 (27... Qd6 $16 {was worth a try.}) 28. Qxa6 $18 Rxa6 29. Bd4 Nd6 (29... Kf8 $142) 30. Bxc3 bxc3 {[#]} 31. Rc7 $1 ({Weaker is} 31. Rxc3 Nxe4 32. Rcc1 Kg7 $11) 31... c2 {[#]} 32. Rc1 $1 (32. Rxc2 Nxe4 33. Rc7 Nf6 $14) 32... Bb5 33. e5 ({Less strong is} 33. R7xc2 Nxe4 34. Rc8+ Kg7 $14) 33... Nf5 (33... Bd3 $142 34. Rc3 Bf5 35. exd6 Rxd6) 34. R7xc2 Nd4 (34... Kg7 {was necessary.} 35. Rc7 Ra8) 35. Rc8+ {White is clearly winning.} Kg7 36. Rd1 Nxb3 37. d6 Ra1 38. Rxa1 Nxa1 39. Rc1 (39. Rc7 $142) 39... Nb3 40. Rb1 {Accuracy: White = 64%, Black = 51%.} ({Not} 40. Rc7 Nd4 $18) 1-0

[Event "Xtracon Invite Chess 2020"]
[Site "Vaerloese"]
[Date "2020.01.14"]
[Round "2.4"]
[White "Kristensen, Kaare Hove"]
[Black "Sveshnikov, Evgeny"]
[Result "1/2-1/2"]
[WhiteElo "2350"]
[BlackElo "2481"]
[Annotator "TA"]
[PlyCount "61"]
[EventDate "2020.01.13"]
[EventType "tourn"]
[EventCountry "DEN"]
[SourceTitle "playchess.com"]
[Source "ChessBase"]
[SourceQuality "1"]

{[%evp 19,61,4,0,0,5,10,8,0,8,0,39,0,31,18,18,18,22,18,22,0,18,18,24,18,18,18,18,18,25,12,12,0,16,16,25,25,25,25,25,12,25,12,30,29]} 1. c4 e6 2. Nc3 d5 3. d4 Nf6 4. Nf3 c6 5. e3 Nbd7 6. Qc2 Bd6 7. Be2 O-O 8. b3 b6 9. O-O Bb7 10. Bb2 Rc8 11. e4 {D45: Semi-Slav: 5 e3} (11. Rad1 c5 12. dxc5 Nxc5 13. cxd5 Nxd5 14. Bc4 Nb4 15. Qe2 Qe7 16. a3 Nc6 17. b4 Nd7 18. Ne4 Be5 {0-1 (64) Giri,A (2779)-Ding,L (2805) Zagreb 2019}) 11... Nxe4 12. Nxe4 dxe4 13. Qxe4 {The position is equal.} Nf6 14. Qh4 Qe7 15. Rad1 Nd7 16. Qxe7 Bxe7 17. Ne5 $146 ({Predecessor:} 17. Rfe1 Bb4 18. Nd2 Rfd8 19. a3 {0-1 (65) Marczykoski,P-Boyd,J LSS email 2006}) 17... Rfd8 18. Bf3 Ba8 19. Bc3 Nxe5 20. dxe5 c5 21. Rxd8+ Rxd8 22. Bxa8 Rxa8 $11 {[%mdl 4096] Endgame KRB-KRB} 23. Rd1 Kf8 24. Rd7 Ke8 25. Rb7 Rd8 {[#] ( -> ...Rd1+)} 26. Kf1 Rd3 27. Be1 Rd7 28. Rxd7 Kxd7 29. Ke2 Kc6 30. Kd3 a6 31. Bc3 {Accuracy: White = 44%, Black = 38%.} 1/2-1/2

[Event "Xtracon Invite Chess 2020"]
[Site "Vaerloese"]
[Date "2020.01.14"]
[Round "2.5"]
[White "Olsen, Filip Boe"]
[Black "Brunello, Sabino"]
[Result "0-1"]
[WhiteElo "2353"]
[BlackElo "2536"]
[Annotator "TA"]
[PlyCount "44"]
[EventDate "2020.01.13"]
[EventType "tourn"]
[EventCountry "DEN"]
[SourceTitle "playchess.com"]
[Source "ChessBase"]
[SourceQuality "1"]

{[%evp 14,44,28,10,24,-16,-31,-17,14,-11,-11,-22,-10,-72,-66,-166,-54,-65,-38,-70,-70,-116,-103,-99,-105,-536,-533,-520,-506,-821,-818,-29997,-29998]} 1. d4 Nf6 2. c4 e6 3. Nc3 Bb4 4. Qc2 O-O 5. Nf3 c5 6. dxc5 Na6 7. g3 Nxc5 8. Bg2 d5 {E39: Nimzo-Indian: Classical: 4...c5 5 dxc5 0-0} (8... Nce4 9. O-O Nxc3 10. bxc3 Be7 11. e4 d6 12. e5 dxe5 13. Nxe5 Qc7 14. Re1 Bd6 15. Qe2 Nd7 16. Bf4 Bxe5 17. Bxe5 Nxe5 18. Qxe5 Qxe5 19. Rxe5 Rb8 {1-0 (46) Nakamura,H (2741)-Aronian,L (2772) Kolkata 2019}) 9. a3 Bxc3+ $1 10. Qxc3 Bd7 $146 {The position is equal.} ({Predecessor:} 10... Nfe4 11. Qc2 Bd7 12. a4 Qe8 13. b3 dxc4 14. Qxc4 b5 15. axb5 Bxb5 16. Qc2 Rc8 17. Qb2 {½-½ (24) Zhylkaidarova,S (2181)-Dauletova,G (2284) Almaty 2016}) 11. cxd5 Rc8 12. Nd4 Nxd5 13. Qf3 (13. Bxd5 $11 exd5 14. O-O) 13... Ne7 {...e5 is the strong threat.} 14. Qe3 ({White should play} 14. O-O $15) 14... e5 ({Better is} 14... Re8 $1 $19 {Strongly threatening ...Nf5.} 15. O-O e5 $1 {[%mdl 512]}) 15. Qxe5 $15 Re8 {Threatens to win with ...Nf5.} 16. Qg5 h6 $1 {[%cal Rh6g5]} 17. Qd2 {[#]} Nf5 $1 $36 {[%cal Rf5d4][%mdl 2048] White is under strong pressure.} 18. Nxf5 {aiming for Nd4.} Nb3 {[%mdl 64] Double Attack} ({Reject} 18... Bxf5 $6 19. Qxd8 Rexd8 20. Be3 $11) 19. Nd6 $2 {[%mdl 8192]} (19. Qd5 $17 Nxa1 20. O-O) 19... Nxd2 $19 20. Bxd2 Rc2 21. Rd1 (21. Nxe8 $142 Bc6 22. Rd1 Bxg2 23. Rg1) 21... Ba4 22. Nxb7 {[#]} Qxd2+ $1 {[%mdl 576] Remove Defender, Back Rank. Accuracy: White =  5%, Black = 53%.} 0-1